The Persistance of the peasantry /
El autor realiza un análisis crítico de la tesis sostenida durante varias décadas por muchos científicos sociales -sobre todo aquellos de tendencia marxista- que consideraban que el campesinado estaba destinado a desaparecer para transformarse en proletariado. Contrario a esta tesis, el artículo señ...
保存先:
| 第一著者: | |
|---|---|
| フォーマット: | テキスト |
| 主題: | |
| タグ: |
タグ追加
タグなし, このレコードへの初めてのタグを付けませんか!
|
MARC
| LEADER | 00000 a a2200000 04500 | ||
|---|---|---|---|
| 001 | 9935 | ||
| 003 | |||
| 040 | |||
| 100 | |a Edelman, Marc | ||
| 245 | |a The Persistance of the peasantry / |c Marc Edelman | ||
| 520 | |a El autor realiza un análisis crítico de la tesis sostenida durante varias décadas por muchos científicos sociales -sobre todo aquellos de tendencia marxista- que consideraban que el campesinado estaba destinado a desaparecer para transformarse en proletariado. Contrario a esta tesis, el artículo señala la forma en que los campesinos han resistido valiéndose de distintas estrategias de sobrevivencia, combinando actividades de tipo artesanal, informal y proletarias, así como la producción para el autoconsumo. Por otra parte, el autor llama la atención sobre el resurgimiento de los movimientos rurales y campesinos en América Latina durante la década de los noventa, y el papel de los líderes de las organizaciones campesinas, así como de las Organizaciones No Gubernamentales (ONG's). Finalmente, el autor concluye calificando como sobrevivientes a los campesinos que han logrado resistir las duras medidas del neoliberalismo en América Latina | ||
| 650 | |a CAMPESINADO | ||
| 650 | |a MOVIMIENTOS CAMPESINOS | ||
| 650 | |a ORGANIZACIONES CAMPESINAS | ||
| 650 | |a SOCIOLOGIA RURAL | ||
| 650 | |a POBLACION RURAL | ||
| 650 | |a ORGANIZACIONES NO GUBERNAMENTALES | ||
| 773 | |g volumen 33, número 4; páginas 14-19 | ||
| 999 | |c 27199 |d 27199 | ||
